[Event "EU-ch (Women) 16th"]
[Site "Chakvi"]
[Date "2015.05.28"]
[Round "9"]
[White "Khmiadashvili, Tamari"]
[Black "Korenova, Martina"]
[Result "1-0"]
[WhiteElo "2043"]
[BlackElo "2241"]
[PlyCount "101"]
[EventDate "2015.05.19"]
[EventType "swiss"]
[EventRounds "11"]
[EventCountry "GEO"]
[SourceTitle "CBM 166 Extra"]
[Source "ChessBase"]
[SourceDate "2015.06.18"]
[SourceVersion "1"]
[SourceVersionDate "2015.06.18"]
[SourceQuality "1"]

1. e4 e6 2. d3 d5 3. Nd2 b6 4. Be2 Nf6 5. Nh3 Bb7 6. e5 Nfd7 7. d4 Nc6 8. c3 f6 9. exf6 Qxf6 10. 0-0 Bd6 11. f4 0-0-0 12. Nf3 Rdf8 13. b4 h6 14. Ne5 Rhg8 15. a4 a5 16. Bb5 Ncb8 17. bxa5 bxa5 18. Qe2 Nb6 19. Be3 Qd8 20. Bd3 Bxe5 21. fxe5 Rxf1+ 22. Qxf1 Qe8 23. Bb5 Ba6 24. Bd2 Rf8 25. Qe2 Bxb5 26. axb5 Nc4 27. Rb1 Qg6 28. Rc1 Qe4 29. Qxe4 dxe4 30. Be1 e3 31. g3 g5 32. Kg2 Kb7 33. Ng1 Kb6 34. Ne2 Kxb5 35. d5 exd5 36. Nd4+ Ka6 37. Ne6 Rf7 38. Rb1 Nb6 39. Nc5+ Ka7 40. g4 Na6 41. Nb3 Nc4 42. e6 Rf4 43. e7 Rxg4+ 44. Bg3 Re4 45. Nd4 Nd6 46. Bxd6 cxd6 47. Nc6+ Ka8 48. Rd1 e2 49. Re1 d4 50. cxd4 Kb7 51. Ne5 1-0